ბათუმის შოთა რუსთაველის სახელმწიფო უნივერსიტეტის ბიბლიოთეკა

ლაბორატორიული პრაქტიკუმი ფიზიკაში.მექანიკა, მოლეკულური ფიზიკა / (ბიბ.ჩანაწერი № 38469)

000 -ლიდერი
ფიქსირებული სიგრძის საკონტროლო ველი 00999nam a2200229Ia 4500
001 - საკონტროლო ნომერი
საკონტროლო ველი 4481
003 - საკონტროლო ნომრის იდენტიფიკატორი
საკონტროლო ველი GE_BSU
005 - ბოლო ოპერაციის თარიღი და დრო
საკონტროლო ველი 20190520152203.0
008 - ფიქსირებული სიგრძის მონაცემთა ელემენტები - ზოგადი ინფორმაცია
ფიქსირებული სიგრძის საკონტროლო ველი 181216s1991||||ge |||||||||||||| ||geo||
040 ## - კატალოგიზაციის წყარო
Transcribing agency GE_BSU
041 ## - ენის კოდი
Language code of text/sound track or separate title geo
080 ## - უნივერსალური ათობითი კლასიფიკაციის ინდექსი
Universal Decimal Classification number 531+539.1(076) ჯ–20
100 ## - მთავარი ჩანაწერი - პიროვნების სახელი
Personal name ჯანელიძე, ო.მ.
9 (RLIN) 1401
245 ## - ცნობა სათაურის შესახებ
Title ლაბორატორიული პრაქტიკუმი ფიზიკაში.მექანიკა, მოლეკულური ფიზიკა /
Statement of responsibility, etc ო.მ. ჯანელიძე ; ი.მ.ჟორდანია ; მ.ვ . ჩხარტიშვილი .
264 ## - წარმოების, გამოცემის, დისტრიბუციის და სხვა ცნობები
გამოცემის, წარმოების, დისტრიბუციის... ადგილი ბათუმი,
გამოცემის, წარმოების, დისტრიბუციის... თარიღი 1991.
300 ## - ფიზიკური აღწერა
Extent 122 გვ .:
Dimensions 20 სმ.
653 ## - INDEX TERM--UNCONTROLLED
Uncontrolled term ლაბორატორიული პრაქტიკუმი ფიზიკაში
653 ## - INDEX TERM--UNCONTROLLED
Uncontrolled term ფიზიკა
700 ## - ADDED ENTRY--PERSONAL NAME
Personal name ჟორდანია,ი.მ
9 (RLIN) 1402
700 ## - ADDED ENTRY--PERSONAL NAME
Personal name ჩხარტიშვილი,მ.ვ
9 (RLIN) 1403
942 ## - ADDED ENTRY ELEMENTS (KOHA)
Koha item type წიგნი
Source of classification or shelving scheme
ეგზემპლარები
ჩამოწერის სტატუსი დაკარგული ეგზემპლარის სტატუსი კლასიფიკაციის წყარო ან თაროზე გაწყობის სქემა დაზიანების სტატუსი არ გაიცემა მუდმივი მდებარეობა (დაცვის ადგილი) ამჟამინდელი ადგილსამყოფელი თაროზე განთავსების ადგილი შეძენის თარიღი ღირებულება, შესყიდვის ნორმალური ფასი სრული შენახვის შიფრი შტრიხკოდი ბოლო ოპერაციის თარიღი ეგზემპლარის მიმდევრობითი ნომერი (კეტერი?) ფასის ძალაში შესვლის თარიღი ეგზემპლარის სახეობა საჯარო შენიშვნა
          ტექნოლოგიური ფაკულტეტის ბიბლიოთეკა ტექნოლოგიური ფაკულტეტის ბიბლიოთეკა წიგნსაცავი 2018-12-17 0.00 531+539.1(076) ჯ–20 8775 2018-12-17 8775 2018-12-17 წიგნი 0.40 თ.
          ტექნოლოგიური ფაკულტეტის ბიბლიოთეკა ტექნოლოგიური ფაკულტეტის ბიბლიოთეკა წიგნსაცავი 2018-12-17 0.00 531+539.1(076) ჯ–20 8776 2018-12-17 8776 2018-12-17 წიგნი 0.40 თ.
          ტექნოლოგიური ფაკულტეტის ბიბლიოთეკა ტექნოლოგიური ფაკულტეტის ბიბლიოთეკა წიგნსაცავი 2018-12-17 0.00 531+539.1(076) ჯ–20 8777 2018-12-17 8777 2018-12-17 წიგნი 0. 40 თ.
          ტექნოლოგიური ფაკულტეტის ბიბლიოთეკა ტექნოლოგიური ფაკულტეტის ბიბლიოთეკა წიგნსაცავი 2018-12-17 0.00 531+539.1(076) ჯ–20 8778 2018-12-17 8778 2018-12-17 წიგნი 0.40 თ.
          ტექნოლოგიური ფაკულტეტის ბიბლიოთეკა ტექნოლოგიური ფაკულტეტის ბიბლიოთეკა წიგნსაცავი 2018-12-17 0.00 531+539.1(076) ჯ–20 8779 2018-12-17 8779 2018-12-17 წიგნი 0.40 თ.
          ტექნოლოგიური ფაკულტეტის ბიბლიოთეკა ტექნოლოგიური ფაკულტეტის ბიბლიოთეკა წიგნსაცავი 2018-12-17 0.00 531+539.1(076) ჯ–20 8780 2018-12-17 8780 2018-12-17 წიგნი 0.40 თ.
          ტექნოლოგიური ფაკულტეტის ბიბლიოთეკა ტექნოლოგიური ფაკულტეტის ბიბლიოთეკა წიგნსაცავი 2018-12-17 0.00 531+539.1(076) ჯ–20 8781 2018-12-17 8781 2018-12-17 წიგნი 0.40 თ.